Random Country Flags - Statistics

General Stats
  • This quiz has been taken 1,947 times
  • The average score is 17 of 20
Answer Stats
Picture Answer % Correct
Australia
100%
Brazil
100%
Georgia
100%
Greece
100%
Iceland
100%
India
100%
Jamaica
100%
Mexico
100%
Portugal
100%
Saudi Arabia
100%
Slovenia
100%
Ukraine
100%
United States
100%
Argentina
98%
Canada
98%
Colombia
98%
Croatia
98%
North Macedonia
98%
Afghanistan
97%
Bangladesh
97%
Hungary
97%
Japan
97%
South Korea
97%
Uruguay
97%
Nepal
96%
Papua New Guinea
96%
Russia
96%
Austria
95%
Belgium
95%
China
95%
Czech Republic
95%
Egypt
95%
Ireland
95%
Liechtenstein
95%
North Korea
95%
Poland
95%
Sweden
95%
Vietnam
95%
Albania
94%
Chile
94%
Cyprus
94%
Denmark
94%
Iraq
94%
Italy
94%
South Africa
94%
Switzerland
94%
United Kingdom
94%
Vatican City
94%
Bhutan
93%
France
93%
Israel
93%
Lebanon
93%
Montenegro
93%
Romania
93%
Serbia
93%
Spain
93%
Turkey
93%
Venezuela
93%
Azerbaijan
92%
Barbados
92%
Bulgaria
92%
Costa Rica
92%
D.R. Congo
92%
Estonia
92%
Germany
92%
Kenya
92%
Pakistan
92%
Philippines
92%
Qatar
92%
Cambodia
91%
Eswatini
91%
Finland
91%
Kazakhstan
91%
Netherlands
91%
Sri Lanka
91%
El Salvador
90%
Morocco
90%
Mozambique
90%
Bosnia & Herzegovina
89%
Botswana
89%
Indonesia
89%
Malaysia
89%
Seychelles
89%
Somalia
89%
Taiwan
89%
Iran
88%
Panama
88%
Peru
88%
San Marino
88%
Thailand
88%
Tunisia
88%
Ivory Coast
87%
Kosovo
87%
Luxembourg
87%
Cuba
86%
Malta
86%
Nigeria
86%
Paraguay
86%
Slovakia
86%
Syria
86%
Tuvalu
86%
Ecuador
85%
Ethiopia
85%
Moldova
85%
Uganda
85%
Algeria
84%
Andorra
84%
Bahrain
84%
Central African Republic
84%
F.S. of Micronesia
84%
Kyrgyzstan
84%
Latvia
84%
Angola
83%
Djibouti
83%
Dominican Republic
83%
Fiji
83%
Guatemala
83%
New Zealand
83%
Singapore
83%
Tanzania
83%
Turkmenistan
83%
Uzbekistan
83%
Kiribati
82%
Laos
82%
Lithuania
82%
Nicaragua
82%
Burundi
81%
Haiti
81%
Lesotho
81%
Monaco
81%
Norway
81%
Kuwait
80%
Liberia
80%
Mongolia
80%
St. Vincent and the Grenadines
80%
Tonga
80%
Palau
79%
Brunei
78%
Comoros
78%
Jordan
78%
Nauru
78%
Oman
78%
Belarus
77%
Madagascar
77%
Bahamas
76%
Chad
76%
Guinea-Bissau
76%
Honduras
76%
Malawi
76%
St. Lucia
75%
Tajikistan
75%
Armenia
74%
Cameroon
74%
Ghana
74%
Maldives
74%
United Arab Emirates
74%
Benin
73%
Guyana
73%
Marshall Islands
73%
Samoa
73%
South Sudan
73%
Zimbabwe
72%
Antigua and Barbuda
71%
Belize
71%
Myanmar
71%
Niger
71%
Sierra Leone
70%
Sudan
70%
Trinidad & Tobago
70%
Dominica
69%
Gambia
69%
Yemen
69%
Zambia
69%
Cape Verde
68%
Mauritius
68%
Senegal
68%
Suriname
68%
Togo
68%
East Timor
67%
Gabon
67%
Grenada
66%
Libya
66%
Mali
66%
Eritrea
65%
Mauritania
65%
St. Kitts & Nevis
64%
Burkina Faso
62%
Guinea
60%
Namibia
59%
Rep. of the Congo
58%
Vanuatu
58%
Bolivia
57%
Equatorial Guinea
56%
Solomon Islands
54%
Rwanda
52%
Sao Tome & Principe
52%
No matching quizzes found
Score Distribution
Percent of People with Each Score
Percentile by Number Answered
Your Score History
You have not taken this quiz